Swami Vivekananda: (Record no. 180036)

MARC details
000 -LEADER
fixed length control field 00623nam a22001817a 4500
005 - DATE AND TIME OF LATEST TRANSACTION
control field 20210722114254.0
010 ## - LCCN (DPL NO)
LC control number ENG-129609
020 ## - INTERNATIONAL STANDARD BOOK NUMBER
International Standard Book Number 978-93-88542-18-0
Terms of availability 200.00
035 ## - SYSTEM CONTROL NUMBER
System control number EN-113141
037 ## - SOURCE OF ACQUISITION
Source of stock number/acquisition DBAD/PUB
082 ## - DEWEY DECIMAL CLASSIFICATION NUMBER
Classification number 294.5550922
100 ## - MAIN ENTRY--PERSONAL NAME
Personal name Mukherjee, Somenath
245 ## - TITLE STATEMENT
Title Swami Vivekananda:
Remainder of title His Impact on Eminent Westerners/
Statement of responsibility, etc by Somenath Mukherjee
260 ## - PUBLICATION, DISTRIBUTION, ETC. (IMPRINT)
Place of publication, distribution, etc Kolkata
Name of publisher, distributor, etc Swami Suparnananda
Date of publication, distribution, etc 2020
270 ## - ADDRESS
Address Ramakrishna Mission Institure of Culture,
City Gol Park, Kolkata
Postal code 700029
300 ## - PHYSICAL DESCRIPTION
Extent 304p.
Dimensions 21cm(pbk)
Other physical details References and Notes, Index
942 ## - ADDED ENTRY ELEMENTS (KOHA)
Source of classification or shelving scheme Dewey Decimal Classification
Item type English Books
Classification part 294.5550922
Call number suffix MUK
Holdings
Withdrawn status Lost status Not for loan Collection code Home library Current library Date acquired Source of acquisition Cost, normal purchase price Full call number Barcode Copy number Cost, replacement price Koha item type
      Non-fiction Central Library Central Library 22/07/2021 DBAD/PUB 200.00 294.5550922 MUK EN-113141 1 200.00 English Books

© Delhi Public Library
Hit Counter
free hit counter